Vida y confesiones de Oscar Wilde / (Record no. 78048)
[ view plain ]
| 000 -LEADER | |
|---|---|
| campo de control de longitud fija | 00761nam a2200217 i 4500 |
| 001 - NÚMERO DE CONTROL | |
| campo de control | 78048 |
| 003 - IDENTIFICADOR DE NÚMERO DE CONTROL | |
| campo de control | ES-MaACL |
| 005 - FECHA Y HORA DE LA ÚLTIMA TRANSACCIÓN | |
| campo de control | 20250702063048.0 |
| 007 - CAMPO FIJO DE DESCRIPCIÓN FÍSICA--INFORMACIÓN GENERAL | |
| campo de control de longitud fija | t| |
| 008 - DATOS DE LONGITUD FIJA--INFORMACIÓN GENERAL | |
| campo de control de longitud fija | 041011s1944 ag ||||1| spa d |
| 100 0# - ENTRADA PRINCIPAL--NOMBRE DE PERSONA | |
| Nombre de persona | Harris, Frank, |
| Fechas asociadas al nombre | 1855-1931 |
| 9 (RLIN) | 61912 |
| 245 10 - MENCIÓN DEL TÍTULO | |
| Título | Vida y confesiones de Oscar Wilde / |
| Mención de responsabilidad, etc. | con un epílogo de G. Bernard Shaw y varios apéndices documentales ; [traducción del inglés y notas por Ricardo Baeza]. |
| 300 ## - DESCRIPCIÓN FÍSICA | |
| Extensión | 2 t. ; |
| Dimensiones | 19 cm. |
| 490 1# - MENCIÓN DE SERIE | |
| Mención de serie | Los libros evocadores |
| 600 14 - PUNTO DE ACCESO ADICIONAL DE MATERIA--NOMBRE DE PERSONA | |
| Nombre de persona | Wilde, Oscar, |
| Fechas asociadas al nombre | 1854-1900 |
| 9 (RLIN) | 241147 |
| 700 1# - ENTRADA AGREGADA--NOMBRE PERSONAL | |
| Nombre de persona | Shaw, Bernard. |
| 9 (RLIN) | 106025 |
| 700 1# - ENTRADA AGREGADA--NOMBRE PERSONAL | |
| Nombre de persona | Baeza, Ricardo, |
| Fechas asociadas al nombre | 1890-1956 |
| 9 (RLIN) | 24620 |
| 830 0# - PUNTO DE ACCESO ADICIONAL DE SERIE-TÍTULO UNIFORME | |
| Título uniforme | Los libros evocadores |
| 9 (RLIN) | 227254 |
| 852 ## - LOCALIZACIÓN | |
| Ubicación | ES-MaACL |
| Número de control de estantería | D-6068-69 |
| Sublocalización o colección | R.30617 |
| Estatus retirado | Estado de pérdida | Estado de daño | No para préstamo | Biblioteca de origen | Biblioteca actual | Ubicación en estantería | Fecha de adquisición | Fuente de adquisición | Total de préstamos | Signatura topográfica completa | Código de barras | Visto por última vez | Precio de reemplazo | Tipo de ítem Koha |
|---|---|---|---|---|---|---|---|---|---|---|---|---|---|---|
| Biblioteca del Ateneo de Madrid | Biblioteca del Ateneo de Madrid | Sala Valle Inclán | 17/01/2008 | D-6068-69 | 901081648 | 23/02/2023 | 23/02/2023 | Libro impreso |
